=LDR 00000nam 2200000 4500 =001 INLIS000000000051759 =005 20171130110303 =035 ##$$a 0010-1117000031 =007 ta =008 171130###########################0###### =082 ##$$a 390.959 82 2 =084 ##$$a 390.959 82 2 Toe t =100 #$$a Toekio, Soegeng =245 1#$$a Tutup Kepala Tradisional Jawa /$c Soegeng Toekio M =260 ##$:$b Departemen Pendidikan dan Kebudayaan,$c 1988 =300 ##$$a xi, 116 hlm : $b ilus ; $c 23 cm =990 ##$$a 1318113181 =990 ##$$a 28.444/Hd-88